000 00891nam a22002897a 4500
001 BR9300398
003 BR-BrBNA
005 20230928093815.0
007 ta
008 230509b bl.||||| |||| 00| 0 por d
040 _aBR-BrBNA
_bpor
_cBiblioteca Nacional de Agricultura
041 _a(Por)
072 _aE70; Q04
_b1300
090 _ 1300 BR9300398
110 1 _aSecretaria de Agricultura e Abastecimento, Sao Paulo, SP (Brasil). Coordenadoria de Abastecimento
_98647
245 1 _aPerfil dos hortigranjeiros comercializados no ETSP. Verduras - 1990; vol. 3
_bManual Tecnico
260 3 _aSao Paulo, SP (Brasil):
_c1992.
300 _a107 p.
500 _a18 ref.; 56 tables; 41 illus.
650 _aHortalica
650 _aComercializacao
650 _aValor Nutritivo
650 _aConsumo
650 _aSao Paulo
909 _a202309
_bLucia
_c55
_dLucia Elande
942 _cBK
999 _c47219
_d47219